Haiti A-Z - Statistiken

Allgemein
  • Dieses Quiz wurde 47 mal gespielt
  • Das Durchschnittsergebnis liegt bei 11 aus 26
Antwortstatistiken
# Hinweis Antwort % Korrekt
F Amtssprache Französisch
93%
E Durch diese Naturkatastrophen wird Haiti öfters schwer getroffen(zuletzt 12.Januar.2010 & 14.August.2021) Erdbeben
90%
J Benachbarter Inselstaat Jamaika
88%
C Europäer der 1492 Haiti (bzw. #H) entdeckte Christoph Kolumbus
86%
P Hauptstadt Port-au-Prince
86%
R Einziges Nachbarland República Dominicana
86%
H Haiti liegt auf dieser Insel Hispaniola
83%
I Der Haitianer Jean Baptiste Point du Sable gilt als "Gründer von Chicago", bzw. als erster nichtindianischer Siedler (um 1770) auf dem Gebiet des modernen ChicagosChicago ist die größte Stadt dieses US-amerikanischen Bundestaates Illinois
79%
U Haiti erklärte dies 1804 Frankreich erkannte es 1825 an Unabhängigkeit
79%
O Das traditionelle Fest Rara findet kurz vor diesem christlichen Fest statt Ostern
62%
K Traditionelle Feierlichkeiten im Februar/März Kanaval
60%
V Synkretistische Religion Voodoo
55%
Q Offizieller französischer Name Enthält ein Q {République} d’Haïti
33%
B Diktator 1971-1986 {Baby Doc} Jean-Claude Duvalier
26%
W Haitianischer RapperGeboren in #X Wyclef Jean
12%
G Währung Gourde
7%
N Von den Vereinigten Staaten und Haiti beanspruchte InselSüdwestlich von Haiti Navassa
7%
A Der (ausgestorbene) indigene Stamm der Taíno war Teil dieser Volksgruppe Arawak
5%
Y Haitianisch für Haiti Enthält ein Y Ayiti
5%
X Neuntgrößte StadtSiebtgrößte Metropolregion Endet auf X {Croix}-des-Bouquets
5%
D Kaiser von Haiti 1804-1806 Jean-Jacques Dessalines
5%
T Busartige Taxen Schnell-Schnell auf Haitianisch Tap-Tap
5%
L Anführer der Haitianischen Revolution † 1803 Toussaint Louverture
5%
S Größter SeeBrackteich Étang {Saumâtre}
2%
M 1902 stoppte das (aufständische) haitianische Kanonenboot Crête à Pierrot diesen deutschen DampferDies stellt den ___________-Zwischenfall dar Am 6.September.1902 versenkte die SMS Panther das von der haitianischen Regierung zum Piraten erklärte Kanonenboot Markomannia
2%
Z Eine von nur zwei einheimischen und flugunfähigen Säugetierspezies Zaguti
2%
Keine übereinstimmenden Quizze gefunden
Verteilung der Resultate
Anzahl Personen mit jedem Resultat
Perzentil nach korrekt beantworteten Fragen
Ihre Resultats-Entwicklung
Sie haben dieses Quiz noch nicht gespielt